Missing Word: What's My Genre? Quiz Stats

 Plays Quiz Updated Jan 24, 2012

Support Sporcle.
Go Orange.
Score 0/20 Timer 03:00
0 Plays Today
% Correct
Guide
95.4%
Wardrobe
93.7%
Peace
90.6%
Misérables
85.5%
Brave
84.5%
Machine
83.3%
Story
81.9%
Pet
77.1%
Game
74.4%
Other
73.5%
% Correct
Interview
68.3%
Pearl
66.5%
Dream
64.7%
Fellowship
60.6%
Legend
48.2%
Box
46.2%
Haunting
30.3%
Tent
12.6%
Wizard
8.7%
Canticle
8.3%

Today's Daily Dose

Missing Word
Inventors

Word Ladder
Feud Chain

Get the Picture
Domestic Movie Titles

From the Vault

Heart, Mind, Body, or Soul Songs

by JoeBeta

Music 6m
We always knew songs had a lot of heart.
Remove Ads.
Support Sporcle.
Get the best of Sporcle when you Go Orange. This ad-free experience offers more features, more stats, and more fun while also helping to support Sporcle. Thank you for becoming a member.

Show Comments

Extras

Top Quizzes Today


Score Distribution

Your Account Isn't Verified!

In order to create a playlist on Sporcle, you need to verify the email address you used during registration. Go to your Sporcle Settings to finish the process.

Report this User

Report this user for behavior that violates our Community Guidelines.

Details: